Water companies press for £21bn maintenance boost (Record no. 73373)
[ view plain ]
| 000 -LEADER | |
|---|---|
| fixed length control field | 01111cam a2200217 4500 |
| 001 - CONTROL NUMBER | |
| control field | WB3934-11 |
| 008 - FIXED-LENGTH DATA ELEMENTS--GENERAL INFORMATION | |
| fixed length control field | 030909n2003 000 0 eng u |
| 035 ## - SYSTEM CONTROL NUMBER | |
| System control number | (Sirsi) u123529 |
| 245 ## - TITLE STATEMENT | |
| Title | Water companies press for £21bn maintenance boost |
| 260 ## - PUBLICATION, DISTRIBUTION, ETC. | |
| Date of publication, distribution, etc. | 2003 |
| 490 ## - SERIES STATEMENT | |
| Series statement | New Civil Engineer |
| Volume/sequential designation | 4 September 2003, 10(1) |
| 520 ## - SUMMARY, ETC. | |
| Summary, etc. | Draft scenarios presented by water companies to Ofwat the industry regulator last week outlined plans to spend £21bn on infrastructure between 2005 and 2010. Common themes across the industry include a continuing investment in quality improvements and an emphasis on renewing assets and infrastructure to further concentrate on customer service. Table of water and sewerage companies and their estimated and draft investment between 2000-05 and 2005-10. For the Water UK press release: http://www.water.org.uk/index.php?cat=3-3108 |
| 590 ## - LOCAL NOTE (RLIN) | |
| Local note | WB |
| 650 ## - SUBJECT ADDED ENTRY--TOPICAL TERM | |
| Topical term or geographic name entry element | OFWAT |
| 650 ## - SUBJECT ADDED ENTRY--TOPICAL TERM | |
| Topical term or geographic name entry element | WATER COMPANIES |
| 650 ## - SUBJECT ADDED ENTRY--TOPICAL TERM | |
| Topical term or geographic name entry element | CAPITAL INVESTMENT |
| 650 ## - SUBJECT ADDED ENTRY--TOPICAL TERM | |
| Topical term or geographic name entry element | WATER UK |
| 650 ## - SUBJECT ADDED ENTRY--TOPICAL TERM | |
| Topical term or geographic name entry element | SEWERAGE |
| 690 ## - LOCAL SUBJECT ADDED ENTRY--TOPICAL TERM (OCLC, RLIN) | |
| Topical term or geographic name as entry element | ENVIRONMENTAL AND LAND CONSULTANCY-ENVIRONMENTAL MANAGEMENT |
| 942 ## - ADDED ENTRY ELEMENTS (KOHA) | |
| Suppress in OPAC | 0 |
| Withdrawn status | Lost status | Source of classification or shelving scheme | Damaged status | Not for loan | Home library | Current library | Shelving location | Date acquired | Total Checkouts | Full call number | Barcode | Date last seen | Copy number | Price effective from | Koha item type |
|---|---|---|---|---|---|---|---|---|---|---|---|---|---|---|---|
| Dewey Decimal Classification | London | London | News article | 09/09/2003 | WB3934-11 | 123529-1001 | 06/08/2019 | 1 | 06/08/2019 | News article |